Statistiken für Medias in Res Vok 24

Klicken Sie hier um das Quiz zu spielen!

Allgemein

  • Dieses Quiz wurde 212 mal gespielt
    (88 seit der letzten Aktualisierung)
  • Das Durchschnittsergebnis liegt bei 52 aus 57

Antwortstatistiken

AngabeÜbs / 2. Fall / GeschlechtAntwort% Korrekt
2. F.scientiae
100%
genusf.
100%
scientiaÜbs.Wissen, Kenntnis
100%
genusf.
97%
genusm.
97%
nolleÜbsnicht wollen
97%
orareÜbsbeten, bitten
97%
velleÜbswollen
97%
Partiziporatum
95%
Noli me tangereÜbsBerühr mich nicht
95%
ususÜbsNutzen, Gebrauch
95%
2. F.usus
95%
Konj.3
95%
Perfektoravi
95%
credereÜbsglauben
95%
usui esseÜbsnützlich sein
95%
Perfektpraebui
95%
veritasÜbsWahrheit
95%
Partizipsperatum
95%
Perfektsperavi
95%
1. P.volo
95%
2. F.veritatis
95%
Perfektpromisi
95%
Konj.3
92%
Konj.1
92%
Konj.3
92%
Partizipinteritum
92%
Partiziperratum
92%
Perfekterravi
92%
Perfektstamminterii
92%
1. P.intereo
92%
Konj.2
92%
Konj.1
92%
Partizippromissum
92%
1. P.nolo
92%
Konj.2
90%
Perfekttacui
90%
Konj.2
90%
promittereÜbsversprechen
90%
Konj.1
90%
verus/a/umÜbswahr, echt
90%
Partizippraebitum
90%
Perfektcredidi
90%
interireÜbs.sterben, untergehn
90%
sperareÜbshoffen, erhoffen
87%
Partizipcreditum
87%
Perfektnolui
87%
ardereÜbsbrennen
87%
Perfektvolui
87%
Perfektarsi
87%
tacereÜbsschweigen
79%
Perfektsustuli
77%
errareÜbs(sich) irren
74%
Partizipsublatum
74%
praebereÜbs.bieten, anbieten
74%
indeÜbsvon da an, von dort
74%
tollereÜbsaufheben, (er)heben
72%

Verteilung der Resultate

Perzentil nach korrekt beantworteten Fragen

Anzahl Personen mit jedem Resultat

Ihre Resultats-Entwicklung

Sie haben dieses Quiz seit der letzten Aktualisierung nicht gespielt